000
00291nam a2200121 a 4500
008
110107s1974|||| d
245
1
0
_a
Životopis Fridricha Engelsa
100
1
_a
Iľjičová, L. F.
260
_b
Pravda
_a
Bratislava
_c
1974
020
_c
32
044
_a
xo
_c
SK
041
_a
slo
999
_c
15548
_d
15548